HSK 8 HSK kao qian 30 tian chongci
Đã lưu trong:
| Định dạng: | Sách |
|---|---|
| Các nhãn: |
Thêm thẻ
Không có thẻ, Là người đầu tiên thẻ bản ghi này!
|
| Thư viện lưu trữ: | Trung tâm Học liệu Lê Vũ Hùng, Trường Đại học Đồng Tháp |
|---|
| LEADER | 00475pam a22001818a 4500 | ||
|---|---|---|---|
| 001 | 00039832 | ||
| 005 | 20171026081025.0 | ||
| 008 | 170522s ||||||Chisd | ||
| 041 | 0 | # | |a Chi |
| 082 | 1 | 4 | |a 495.1 |b H000S |
| 245 | 1 | 0 | |a HSK 8 |b HSK kao qian 30 tian chongci |
| 300 | # | # | |a 249 tr |c 21cm |
| 852 | # | # | |b Kho đọc |j KD.1002673 |
| 910 | |d 22/05/2017 | ||
| 980 | # | # | |a Trung tâm Học liệu Lê Vũ Hùng, Trường Đại học Đồng Tháp |